<?xml version="1.0" encoding="UTF-8"?>
<collection xmlns="http://www.loc.gov/MARC21/slim">
  <record>
    <leader>00000nam  2200000   4500</leader>
    <controlfield tag="001">INLIS000000000002453</controlfield>
    <controlfield tag="005">20180724145358</controlfield>
    <controlfield tag="008">180724|||||||||   |   |||   |||| ||   | </controlfield>
    <datafield tag="035" ind1=" " ind2=" ">
      <subfield code="0">010-0718002453</subfield>
    </datafield>
    <datafield tag="041" ind1=" " ind2=" ">
      <subfield code="a">id</subfield>
    </datafield>
    <datafield tag="082" ind1=" " ind2=" ">
      <subfield code="a">R. 018</subfield>
    </datafield>
    <datafield tag="090" ind1=" " ind2=" ">
      <subfield code="a">R. 018 PIM I 2017</subfield>
    </datafield>
    <datafield tag="100" ind1=" " ind2=" ">
      <subfield code="a">Setiawan, Budi</subfield>
    </datafield>
    <datafield tag="245" ind1=" " ind2=" ">
      <subfield code="a">Optimalisasi Big Data Center Baintelkam POLRI Dalam Mengantisipasi Perkembangan Teknologi Informasi Guna Terwujudnya Kamdagri</subfield>
    </datafield>
    <datafield tag="260" ind1=" " ind2=" ">
      <subfield code="a">Jakarta</subfield>
      <subfield code="b">LAN Jakarta</subfield>
      <subfield code="c">2017</subfield>
    </datafield>
    <datafield tag="300" ind1=" " ind2=" ">
      <subfield code="a">vii, 53 hlm.; Lamp.; 30 cm</subfield>
    </datafield>
    <datafield tag="500" ind1=" " ind2=" ">
      <subfield code="a">Proyek perubahan ini bertujuan untuk mengintegrasikan pelaksanaan tugas pokok dan fungsi Bagian deteksi biro analisis Baintelkam dengan Bidang intelijen Baintelkam Polri. Tujuan dimaksud dibagi dalam tiga tahapan: [1] Jangka Pendek, yang meliputi (a)  Penguatan Alsus, yaitu tersedianya  sarana/peralatan material khusus Intelkam dalam rangka peningkatan kemampuan untuk mengikuti perkembangan teknologi, (b) penguatan organisasi, (c) Disahkannya peraturan Kabaintel Polri. dan (d) Terintegrasinya Bagian Deteksi dan Bagian inteltek pada Baintelkam Polri Ditintelkam Polda jajaran yang berfungsi sebagai bagian dari sistem dari Big Data Center Baintelkam Polri.</subfield>
    </datafield>
    <datafield tag="650" ind1=" " ind2=" ">
      <subfield code="a">Teknologi Informasi</subfield>
    </datafield>
  </record>
</collection>
